| 000 | 00516nam a2200181 i 4500 | ||
|---|---|---|---|
| 001 | 88370 | ||
| 003 | ES-MaACL | ||
| 005 | 20250915063037.0 | ||
| 007 | t| | ||
| 008 | 050104s1960 sp ||||1| spa d | ||
| 100 | 1 |
_aLaguna Serrano, Ciriaco, _d1905-1991 _969630 |
|
| 245 | 1 | 0 |
_aLecciones de pediatría / _cCiriaco Laguna Serrano. |
| 250 | _a3ª ed. | ||
| 260 |
_aMadrid : _b[s.n., _c1960] ( _fImp. Cosano) |
||
| 300 |
_a805 p. ; _c25 cm. |
||
| 852 |
_aES-MaACL _jE-160 _bR.49370 |
||
| 999 |
_c88370 _d88370 |
||